| 000 | 00000nam##2200000za#4500 |
| 001 | 9.531635 |
| 003 | CaOODSP |
| 005 | 20200327071801 |
| 007 | ta |
| 008 | 150406|1999||||xxc||||| f|0| 0 fre|d |
| 020 | |a0-660-60817-0 |
| 040 | |aCaOODSP|bfre |
| 041 | |aeng |
| 041 | |afre |
| 043 | |an-cn--- |
| 086 | 1 |aBT31-2/2000-III-33 |
| 110 | 1 |aCanada. |bConseil du trésor. |
| 245 | 10|aBureau du directeur général des élections |
| 260 | |aOttawa - Ontario : |bSecrétariat du Conseil du Trésor du Canada |c1999. |
| 300 | |aTexte français, 26p. : |borganigramme, tableaux ; |c28 cm. |
| 490 | 1 |aBudget des dépenses 1999-2000, partie III: Rapport sur les plans et les priorités |
| 546 | |aBilingue |
| 563 | |aCouverture souple |
| 590 | |a99-13|b1999-04-01 |
| 691 | 07|aPrévisions budgétaires|2gcpds |
| 776 | 0#|tOffice of the Chief Electoral Officer, 1999-2000 estimates, a report on plans and priorities |w(CaOODSP)9.567753 |
| 776 | 0#|tBureau du directeur général des élections, budget des dépenses 1999-2000, un rapport sur les plans et les priorités |w(CaOODSP)9.599079 |
| 791 | |tOffice of the Chief Electoral Officer |eeng|w(CaOODSP)9.531634 |
| 830 | #0|aBudget des dépenses 1999-2000, partie III: Rapport sur les plans et les priorités.|w(CaOODSP)9.508963 |